Detalles MARC
| 000 -LIDER |
| fixed length control field |
01646nam a2200313 a 4500 |
| 001 - NÚMERO DE CONTROL |
| Identificador de número de control |
|
| 003 - IDENTIFICACDOR DE NÚMERO DE CONTROL |
| control field |
DO-SdBNP |
| 005 - DATE AND TIME OF LATEST TRANSACTION |
| control field |
20210512114549.0 |
| 008 - ELEMENTOS DE LONGITUD FIJA |
| fixed length control field |
100910s2016 dr bc 000 0 spa d |
| 020 ## - ISBN |
| International Standard Book Number |
9789945903300 |
| 040 ## - FUENTE DE CATALOGACIÓN |
| Agencia que crea de manera original el registro |
BPMSU |
| Idioma de catalogación |
spa |
| Agencia que realiza la transcripción |
BPMSU |
| 082 ## - NÚMERO DE CLASIFICACIÓN DECIMAL DE DEWEY |
| Classification number |
972.9356 |
| Item number |
E77c, 2016 |
| Edition number |
22 |
| 100 1# - ASIENTO PRINCIPAL -- NOMBRE PERSONAL |
| Nombre personal |
Espinal Estévez, Piero, |
| Fechas asociadas con el nombre |
1974- |
| 245 10 - MENCIÓN DE TITULO |
| Título |
Crónicas de San José de las Matas / |
| Mención de responsabilidad |
Piero Espinal Estévez ; prólogo Edwin Espinal Hernández. |
| 250 ## - MENCIÓN DE EDICION |
| Mención de edición |
2a. ed. |
| 260 ## - PUBLICACIÓN, DISTRIBUCIÓN, ETC. (PIE DE IMPRENTA) |
| Lugar de publicación, distribución, etc |
Santo Domingo : |
| Nombre del editor, distribuidor, etc. |
Letra Gráfica, |
| -- |
Opus, |
| Fecha de publicación, distribución, etc |
2016. |
| 300 ## - DESCRIPCIÓN FÍSICA |
| Extensión |
3 v. : |
| Otros detalles físicos |
il., mapas ; retrs. ; |
| Dimensiones |
23 cm. |
| 500 ## - NOTA GENERAL |
| Nota general |
Incluye referencias bibliográficas y notas al pie de las páginas |
| 500 ## - NOTA GENERAL |
| Nota general |
Incluye datos biográficos del autor en la solapa de la cubierta |
| 505 0# - NOTA DE CONTENIDO |
| Texto normalizado de contenido |
Prólogo -- Fundación de San José de las Matas -- San José de las Matas patriótico -- Revolución de 1912 -- Gobierno de Hracio Vásquez -- Era de Trujillo -- Manaclas -- Alcaldía comunal -- Comandancia de armas -- Ayuntamiento -- El Pueblo --Carreras --Fuegos -- Religión -- Salud -- Educación -- Cultura -- Cooperativa San José -- Asociación pro desarrollo -- Deportes -- Documentos de notaría de San José de las Matas. |
| 590 ## - NOTA LOCAL |
| Texto de la nota local |
Inventariado, 2021/VM |
| 650 #4 - ENCABEZAMIENTO DE MATERIA--TEMÁTICO |
| Término temático o nombre geográfico como elemento de entrada |
Ciudades y pueblos |
| Subdivisión geográfica |
República Dominicana |
| 651 #4 - ENCABEZAMIENTO DE MATERIA--NOMBRE GEOGRÁFICO |
| Nombre geográfico |
San José de las Matas (República Dominicana) |
| Subdivisión temática general |
Historia local |
| 651 #4 - ENCABEZAMIENTO DE MATERIA--NOMBRE GEOGRÁFICO |
| Nombre geográfico |
San José de las Matas (República Dominicana) |
| Subdivisión temática general |
Condiciones sociales |
| 651 #4 - ENCABEZAMIENTO DE MATERIA--NOMBRE GEOGRÁFICO |
| Nombre geográfico |
San José de las Matas (República Dominicana) |
| Subdivisión temática general |
Vida social y costumbres |
| 700 1# - ASIENTO SECUNDARIO -- NOMBRE PERSONAL |
| Nombre personal |
Espinal Hernández, Edwin |
| Mención de responsabilidad |
pról. |
| 910 ## - VALIDACIÓN |
| Validación |
VMateo |
| 942 ## - ADDED ENTRY ELEMENTS (KOHA) |
| Source of classification or shelving scheme |
Dewey Decimal Classification |
| Koha item type |
Libros |